| 000 | 00590nam a22002057a 4500 | ||
|---|---|---|---|
| 005 | 20260511123606.0 | ||
| 008 | 260511b |||||||| |||| 00| 0 eng d | ||
| 037 | _cDSWL | ||
| 040 |
_aDSWL _cDSWL |
||
| 041 | _heng | ||
| 084 | _aMY(Y33) Q8 | ||
| 100 |
_aHoman, Mark S _91238962 |
||
| 245 | _aRules of the Game: Lessons from the Field of Community Change | ||
| 250 | _a2nd | ||
| 260 |
_aNew York, _bRoutledge Publication, _c2018 |
||
| 300 | _a264p | ||
| 365 |
_aGBP _b34.99 |
||
| 942 |
_2CC _cTEXL _hMY(Y33) Q8 _n0 |
||
| 999 |
_c1851174 _d1851174 |
||